000
00252nam a2200109Ia 4500
008
220204s9999 xx 000 0 und d
082
_a
82-3
_b
FAS
100
_a
Fast, Howard
245
4
_a
The Immigrants
260
_a
England
_b
Coronet
_c
1982
942
_c
BK
999
_c
38802
_d
38802